[Event "FIDE World Cup 2019"]
[Site "Khanty-Mansiysk RUS"]
[Date "2019.09.14"]
[Round "4"]
[White "Bok, Benjamin"]
[Black "Grischuk, Alexander"]
[Result "1/2-1/2"]
[WhiteElo "2640"]
[BlackElo "2759"]
[PlyCount "61"]
[EventDate "2019.09.10"]

1. d4 Nf6 2. c4 e6 3. Nf3 d5 4. Nc3 Bb4 5. cxd5 exd5 6. Bg5 h6 7. Bh4 O-O 8. e3
Bf5 9. Be2 Nbd7 10. Qb3 Qe7 11. a3 Bxc3+ 12. bxc3 b5 13. Bxf6 Nxf6 14. O-O c6
15. a4 a6 16. Qb4 Qe6 17. axb5 axb5 18. Ne5 Ne4 19. Qb2 Nf6 20. Ra3 Nd7 21.
Nxd7 Qxd7 22. Rfa1 Qb7 23. Qa2 Rxa3 24. Qxa3 Rb8 25. Qa6 Kf8 26. h3 Qxa6 27.
Rxa6 Bd7 28. Ra7 Ke7 29. Kf1 Kd6 30. Ke1 g5 31. Kd2 1/2-1/2

[Event "FIDE World Cup 2019"]
[Site "Khanty-Mansiysk RUS"]
[Date "2019.09.14"]
[Round "4"]
[White "Radjabov, Teimour"]
[Black "Sjugirov, Sanan"]
[Result "1/2-1/2"]
[WhiteElo "2758"]
[BlackElo "2662"]
[PlyCount "77"]
[EventDate "2019.09.10"]

1. Nf3 d5 2. d4 Nf6 3. c4 e6 4. e3 a6 5. b3 c5 6. Bb2 cxd4 7. exd4 b6 8. Bd3
Bb7 9. O-O Be7 10. Nbd2 O-O 11. Qe2 Nc6 12. Rac1 Re8 13. Rfd1 Bf8 14. a3 g6 15.
Qe3 Bg7 16. h3 a5 17. Ne5 Nxe5 18. dxe5 Nd7 19. Nf3 Qe7 20. cxd5 Bxd5 21. Be4
Bxe4 22. Qxe4 Nc5 23. Qc4 Bh6 24. Rc2 Red8 25. Rxd8+ Rxd8 26. Bd4 Rd5 27. b4
axb4 28. axb4 Nd7 29. Ra2 Bf8 30. Ra8 b5 31. Qb3 Kg7 32. Qxd5 exd5 33. e6+ Nf6
34. Bc5 Qxe6 35. Bxf8+ Kg8 36. Be7+ Kg7 37. Bf8+ Kg8 38. Be7+ Kg7 39. Bf8+
1/2-1/2

[Event "FIDE World Cup 2019"]
[Site "Khanty-Mansiysk RUS"]
[Date "2019.09.14"]
[Round "4"]
[White "Cheparinov, Ivan"]
[Black "Artemiev, Vladislav"]
[Result "1/2-1/2"]
[WhiteElo "2670"]
[BlackElo "2746"]
[PlyCount "104"]
[EventDate "2019.09.10"]

1. d4 d5 2. c4 c6 3. Nf3 Nf6 4. Nc3 a6 5. c5 g6 6. Bf4 Bg7 7. h3 O-O 8. e3 Nbd7
9. Be2 Ne8 10. O-O Nc7 11. Bg3 e5 12. Nxe5 Nxe5 13. dxe5 Qg5 14. Bf4 Qd8 15.
Bh2 Re8 16. e4 Bxe5 17. Bxe5 Rxe5 18. Qd4 Re8 19. exd5 Nxd5 20. Nxd5 Qxd5 21.
Qxd5 cxd5 22. Bf3 Be6 23. Rac1 a5 24. Rfd1 Rac8 25. Kf1 Red8 26. Ke2 Rc6 27. b3
Rdc8 28. Bxd5 Bxd5 29. Rxd5 b6 30. Rc4 bxc5 31. Kd3 h5 32. Ra4 Kg7 33. h4 Rb8
34. Kc3 Rb4 35. Rxa5 Rxh4 36. Raxc5 Rxc5+ 37. Rxc5 Rh2 38. Rg5 f6 39. Rg3 h4
40. Rg4 f5 41. Rd4 Rxg2 42. Rxh4 Rxf2 43. a4 g5 44. Rh1 Ra2 45. Rb1 g4 46. b4
Rxa4 47. b5 Kf6 48. b6 Ra8 49. b7 Rb8 50. Kd4 Kg5 51. Ke3 f4+ 52. Kf2 Kf5
1/2-1/2

[Event "FIDE World Cup 2019"]
[Site "Khanty-Mansiysk RUS"]
[Date "2019.09.14"]
[Round "4"]
[White "Yu, Yangyi"]
[Black "Adhiban, Baskaran"]
[Result "1/2-1/2"]
[WhiteElo "2763"]
[BlackElo "2639"]
[PlyCount "104"]
[EventDate "2019.09.10"]

1. e4 c5 2. Nf3 d6 3. d4 cxd4 4. Qxd4 Nf6 5. Bb5+ Bd7 6. c4 a6 7. Bxd7+ Nfxd7
8. Nc3 Nc6 9. Qd2 g6 10. b3 Bg7 11. Bb2 O-O 12. O-O Qa5 13. Rfd1 b5 14. Nd5
Qxd2 15. Rxd2 Nc5 16. e5 bxc4 17. exd6 exd6 18. Bxg7 Kxg7 19. Nb6 Rad8 20. Nxc4
Ne4 21. Rdd1 d5 22. Nce5 Nxe5 23. Nxe5 Kf6 24. Nc6 Rd6 25. Rac1 Rc8 26. Nd4
Rdd8 27. Kf1 Nc5 28. g3 Ne6 29. Nc6 Rd6 30. Nb4 Rxc1 31. Rxc1 Kf5 32. f3 g5 33.
Rc6 Rxc6 34. Nxc6 h5 35. b4 g4 36. Ke2 gxf3+ 37. Kxf3 d4 38. a4 Ng5+ 39. Ke2
Ke4 40. b5 axb5 41. axb5 d3+ 42. Kd2 Nf3+ 43. Kd1 Kd5 44. Nb4+ Kd6 45. Nxd3
Nxh2 46. Ke2 Ng4 47. Kf3 Kc7 48. Kf4 Nh2 49. Ne5 Kb6 50. Nxf7 Kxb5 51. Kg5 Nf1
52. Kxh5 Nxg3+ 1/2-1/2

[Event "FIDE World Cup 2019"]
[Site "Khanty-Mansiysk RUS"]
[Date "2019.09.14"]
[Round "4"]
[White "Sevian, Samuel"]
[Black "Karjakin, Sergey"]
[Result "0-1"]
[WhiteElo "2654"]
[BlackElo "2760"]
[PlyCount "94"]
[EventDate "2019.09.10"]

1. e4 e5 2. Nf3 Nc6 3. Bc4 Bc5 4. c3 Nf6 5. d3 d6 6. Bg5 h6 7. Bh4 a6 8. Nbd2
Qe7 9. a4 g5 10. Bg3 Nh5 11. Bd5 Ba7 12. Nc4 g4 13. Nh4 Qg5 14. d4 Ne7 15. dxe5
dxe5 16. Na5 Nxd5 17. Qxd5 O-O 18. Rd1 Nf4 19. Qb3 Be6 20. Qb4 Rad8 21. O-O
Rxd1 22. Rxd1 Rd8 23. Rf1 Ne2+ 24. Kh1 Qd2 25. Qa3 Bb6 26. b4 Nxc3 27. Nxb7 Qe2
28. Qc1 Rd1 29. Rxd1 Nxd1 30. h3 Nxf2+ 31. Kh2 Nxe4 32. Nc5 Bxc5 33. bxc5 Nxg3
34. Kxg3 Qd3+ 35. Kh2 g3+ 36. Kh1 Bd5 37. Qe1 Kh7 38. a5 f5 39. c6 f4 40. Kg1
Qd4+ 41. Kh1 Be4 42. Qf1 Kg7 43. Qe1 Kf6 44. Qc1 Kg5 45. Qf1 Bxc6 46. Qe1 Kxh4
47. Qxg3+ Kxg3 0-1

[Event "FIDE World Cup 2019"]
[Site "Khanty-Mansiysk RUS"]
[Date "2019.09.14"]
[Round "4"]
[White "Nakamura, Hikaru"]
[Black "Nisipeanu, Liviu-Dieter"]
[Result "1/2-1/2"]
[WhiteElo "2745"]
[BlackElo "2656"]
[PlyCount "60"]
[EventDate "2019.09.10"]

1. e4 e5 2. Nf3 Nf6 3. Nxe5 d6 4. Nf3 Nxe4 5. Nc3 Nxc3 6. dxc3 Be7 7. Be3 O-O
8. Qd2 c5 9. O-O-O Be6 10. a3 d5 11. h4 f6 12. h5 Nc6 13. Nh4 Qd7 14. f3 Rad8
15. g4 d4 16. Bf4 Ne5 17. Qe1 Qd5 18. b3 c4 19. Rxd4 Qa5 20. Bxc4 Bxc4 21. bxc4
Bxa3+ 22. Kd1 Bb4 23. Rxd8 Rxd8+ 24. Ke2 Bxc3 25. Qb1 Bd2 26. Bg3 Bg5 27. Be1
Qc5 28. Qb3 Bxh4 29. Bxh4 Nxc4 30. Re1 Re8+ 1/2-1/2

[Event "FIDE World Cup 2019"]
[Site "Khanty-Mansiysk RUS"]
[Date "2019.09.14"]
[Round "4"]
[White "Jumabayev, Rinat"]
[Black "Andreikin, Dmitry"]
[Result "0-1"]
[WhiteElo "2630"]
[BlackElo "2741"]
[PlyCount "74"]
[EventDate "2019.09.10"]

1. d4 Nf6 2. c4 e6 3. Nf3 d5 4. Nc3 Be7 5. Bf4 O-O 6. e3 Nbd7 7. Be2 dxc4 8.
O-O a6 9. a4 c5 10. d5 Nxd5 11. Nxd5 exd5 12. Qxd5 Nf6 13. Qxd8 Rxd8 14. Bc7
Rd7 15. Ba5 b5 16. Ne5 Rd5 17. Bf3 Be6 18. Bxd5 Nxd5 19. Nc6 Bf8 20. axb5 axb5
21. Rfd1 Ra6 22. Nb8 Rd6 23. e4 Nf4 24. Rxd6 Bxd6 25. Nc6 h6 26. Bc3 b4 27. Be5
Bxe5 28. Nxe5 c3 29. bxc3 Ne2+ 30. Kf1 Nxc3 31. Ke1 b3 32. Nd3 c4 33. Nb2 Na2
34. Nd1 c3 35. f3 Kh7 36. Ne3 b2 37. Rb1 Nb4 0-1

[Event "FIDE World Cup 2019"]
[Site "Khanty-Mansiysk RUS"]
[Date "2019.09.14"]
[Round "4"]
[White "Fedoseev, Vladimir3"]
[Black "Harikrishna, Pentala"]
[Result "1/2-1/2"]
[WhiteElo "2664"]
[BlackElo "2746"]
[PlyCount "121"]
[EventDate "2019.09.10"]

1. c4 Nf6 2. Nc3 e6 3. e4 d5 4. e5 d4 5. exf6 dxc3 6. bxc3 Qxf6 7. Nf3 b6 8. d4
Bb7 9. Bd3 Bxf3 10. gxf3 Nd7 11. Be4 Rd8 12. h4 h6 13. Qa4 Bd6 14. Qxa7 e5 15.
Be3 exd4 16. cxd4 O-O 17. Rd1 Rfe8 18. Qa4 Bf4 19. Ke2 c5 20. Qc6 Bxe3 21. fxe3
Qe7 22. dxc5 Ne5 23. Qb5 Rxd1 24. Kxd1 bxc5 25. Rh2 Ng4 26. Re2 Qe5 27. Qa5
Qa1+ 28. Kc2 Rb8 29. fxg4 Qb1+ 30. Kc3 Qxe4 31. Qxc5 Qb1 32. Qd6 Qa1+ 33. Kd3
Qb1+ 34. Rc2 Rb2 35. Qh2 Rxa2 36. Qd2 Ra3+ 37. Kd4 Qb6+ 38. Ke4 Qg6+ 39. Kf4
Rd3 40. Qa5 Rd1 41. Qa8+ Kh7 42. Qg2 Rf1+ 43. Kg3 Qd6+ 44. Kh3 Qd3 45. Rc3 Qxc3
46. Qxf1 Qxe3+ 47. Kg2 Qe4+ 48. Kg3 Kg8 49. h5 g5 50. hxg6 fxg6 51. Qf6 Qe3+
52. Kg2 Qe2+ 53. Kg3 Qe3+ 54. Qf3 Qxf3+ 55. Kxf3 Kf7 56. Ke4 Ke6 57. c5 h5 58.
gxh5 gxh5 59. Kf4 Kd5 60. Kg5 Kxc5 61. Kxh5 1/2-1/2

[Event "FIDE World Cup 2019"]
[Site "Khanty-Mansiysk RUS"]
[Date "2019.09.14"]
[Round "4"]
[White "Duda, Jan-Krzysztof"]
[Black "Nabaty, Tamir"]
[Result "1-0"]
[WhiteElo "2730"]
[BlackElo "2658"]
[PlyCount "93"]
[EventDate "2019.09.10"]

1. c4 e5 2. Nc3 g6 3. g3 Bg7 4. Bg2 Ne7 5. Nf3 O-O 6. d4 exd4 7. Nxd4 Nbc6 8.
Nxc6 dxc6 9. Bg5 Bxc3+ 10. bxc3 Qxd1+ 11. Rxd1 f6 12. Bf4 Be6 13. Rb1 b6 14. c5
Bxa2 15. Ra1 Bd5 16. e4 Bc4 17. Bxc7 b5 18. Ra6 Rfe8 19. Kd2 f5 20. Rha1 fxe4
21. Bxe4 b4 22. Rxa7 Rxa7 23. Rxa7 b3 24. Ra4 Bd5 25. Bd6 Bf7 26. Bxe7 Rxe7 27.
Bxc6 Re5 28. Rb4 Rxc5 29. Bb5 g5 30. Bd3 Ra5 31. c4 Ra2+ 32. Ke3 b2 33. c5 Kg7
34. Rb7 Ra5 35. c6 Rc5 36. Be4 Rc3+ 37. Kd4 Rb3 38. Bb1 Ra3 39. Rxb2 Ra4+ 40.
Ke5 Ra5+ 41. Kd6 Rd5+ 42. Kc7 Rd4 43. Bf5 Kf6 44. Bd7 Bd5 45. Kb6 Ke7 46. Kc5
Rd1 47. Bg4 1-0

[Event "FIDE World Cup 2019"]
[Site "Khanty-Mansiysk RUS"]
[Date "2019.09.14"]
[Round "4"]
[White "Esipenko, Andrey"]
[Black "Svidler, Peter"]
[Result "1/2-1/2"]
[WhiteElo "2624"]
[BlackElo "2729"]
[PlyCount "60"]
[EventDate "2019.09.10"]

1. d4 Nf6 2. c4 g6 3. Nc3 d5 4. cxd5 Nxd5 5. e4 Nxc3 6. bxc3 Bg7 7. Nf3 c5 8.
Be3 Qa5 9. Qd2 O-O 10. Rc1 Nd7 11. Bd3 e5 12. d5 Nf6 13. c4 Qc7 14. h3 Ne8 15.
O-O Nd6 16. Qe2 f5 17. Bd2 fxe4 18. Bxe4 Nxe4 19. Qxe4 Bf5 20. Qe2 e4 21. Ng5
Rae8 22. Be3 Bd4 23. Rcd1 Qe5 24. Qd2 h6 25. Ne6 Bxe6 26. dxe6 Rxe6 27. Bxd4
cxd4 28. Qxd4 e3 29. Qxe3 Qxe3 30. fxe3 Rxe3 1/2-1/2

[Event "FIDE World Cup 2019"]
[Site "Khanty-Mansiysk RUS"]
[Date "2019.09.14"]
[Round "4"]
[White "Vitiugov, Nikita"]
[Black "Huschenbeth, Niclas"]
[Result "1/2-1/2"]
[WhiteElo "2732"]
[BlackElo "2620"]
[PlyCount "124"]
[EventDate "2019.09.10"]

1. e4 e5 2. Nf3 Nc6 3. Bb5 a6 4. Ba4 Nf6 5. O-O Be7 6. d3 b5 7. Bb3 d6 8. a4
Bd7 9. Be3 Na5 10. Ba2 c5 11. Nc3 b4 12. Nd5 Rb8 13. Nd2 Ng4 14. Nc4 Nc6 15.
Bd2 Be6 16. f4 exf4 17. Bxf4 Nge5 18. Bxe5 dxe5 19. Nce3 O-O 20. Bc4 Bg5 21.
Bxa6 Bxe3+ 22. Nxe3 Qd4 23. Qc1 c4 24. Bxc4 Bxc4 25. dxc4 b3 26. c3 Qxe4 27.
Nf5 g6 28. Nd6 Qg4 29. Qe3 Qe6 30. c5 Ra8 31. Qe4 Ra6 32. Kh1 f5 33. Qd3 Ra5
34. Nb5 Rd8 35. Qe2 e4 36. Rfd1 Rxd1+ 37. Qxd1 Qc4 38. h3 e3 39. Qd6 Qe4 40.
Nd4 Nxd4 41. cxd4 Ra8 42. c6 f4 43. c7 f3 44. Qd8+ Kg7 45. c8=Q Rxc8 46. Qxc8
fxg2+ 47. Kg1 Qf3 48. Qc7+ Kh6 49. Kh2 Qf1 50. Qg3 Qxa1 51. Qxe3+ Kg7 52. Qe7+
Kg8 53. Qd8+ Kg7 54. Qc7+ Kh6 55. Qf4+ Kg7 56. Qe5+ Kh6 57. Qe3+ Kg7 58. Qe7+
Kg8 59. Qd8+ Kg7 60. Qc7+ Kh6 61. Qf4+ Kg7 62. Qe5+ Kh6 1/2-1/2

[Event "FIDE World Cup 2019"]
[Site "Khanty-Mansiysk RUS"]
[Date "2019.09.14"]
[Round "4"]
[White "Anton Guijarro, David"]
[Black "Wei, Yi"]
[Result "0-1"]
[WhiteElo "2674"]
[BlackElo "2721"]
[PlyCount "106"]
[EventDate "2019.09.10"]

1. c4 e5 2. g3 Nc6 3. Bg2 h5 4. h3 d6 5. Nc3 h4 6. g4 f5 7. gxf5 Bxf5 8. d3 Nf6
9. Nf3 Be7 10. d4 Qd7 11. dxe5 dxe5 12. Qxd7+ Nxd7 13. O-O O-O-O 14. Nd5 Bf6
15. Be3 e4 16. Nd2 Rhe8 17. Nxf6 gxf6 18. Rac1 Nf8 19. Nb1 Bh7 20. Nc3 f5 21.
Nd5 Ne6 22. Rcd1 Rf8 23. f4 Rd7 24. Bf2 Rg7 25. Bxh4 Ncd4 26. Rd2 c6 27. Ne3
Bg6 28. Kh2 Bh5 29. Rf2 Rd7 30. Bf1 a5 31. Ng2 a4 32. Kh1 Rh7 33. Bg5 c5 34. h4
Re8 35. Ne3 Reh8 36. Rh2 Nxg5 37. fxg5 f4 38. Nd5 e3 39. Rxd4 cxd4 40. Nxf4 Be8
41. Kg2 Rxh4 42. Rxh4 Rxh4 43. Kg3 Rh1 44. Bh3+ Kc7 45. Ne6+ Kd6 46. Nxd4 Rb1
47. Kf4 Rxb2 48. Bf5 Rxa2 49. g6 a3 50. g7 Bf7 51. Bh7 Rxe2 52. Nb5+ Kc5 53.
Nxa3 Ra2 0-1

[Event "FIDE World Cup 2019"]
[Site "Khanty-Mansiysk RUS"]
[Date "2019.09.14"]
[Round "4"]
[White "Le, Quang Liem"]
[Black "Korobov, Anton"]
[Result "1-0"]
[WhiteElo "2708"]
[BlackElo "2679"]
[PlyCount "157"]
[EventDate "2019.09.10"]

1. e4 c5 2. Nc3 d6 3. Nge2 Nf6 4. g3 g6 5. d4 cxd4 6. Nxd4 Bg7 7. Bg2 O-O 8.
O-O Nc6 9. Nde2 Rb8 10. a4 b6 11. h3 Ba6 12. Be3 Nd7 13. Re1 Bxe2 14. Rxe2 Bxc3
15. bxc3 Qc7 16. f4 b5 17. Kh2 Rfc8 18. Rd2 Nf6 19. e5 dxe5 20. fxe5 Qxe5 21.
Bf4 Qxc3 22. Bxb8 Rxb8 23. Qe1 Nd4 24. Rad1 e5 25. Rf2 Qxe1 26. Rxe1 Kg7 27.
Rxe5 bxa4 28. Ra5 Rc8 29. Rxa4 Rxc2 30. Rxf6 Kxf6 31. Rxd4 h5 32. Rd6+ Ke7 33.
Ra6 Rc7 34. Be4 Kf8 35. Kg2 Kg7 36. Ra3 Re7 37. Kf3 Kh6 38. Kf4 Kg7 39. Kf3 Kh6
40. Bd3 Kg7 41. Ra6 Kh6 42. Kf2 Kg7 43. Be2 Kh6 44. Ra3 Kg7 45. Ke1 Rd7 46. Bf3
Kf8 47. Ke2 Kg7 48. Ke3 Kf6 49. Ra5 Kg7 50. Bd5 Kf6 51. Kd4 Rc7 52. Ra3 Re7 53.
Kc5 a5 54. Kd6 Ra7 55. Bc6 Kg5 56. Ra4 Kf6 57. Re4 Kg7 58. Kc5 Kf6 59. Kd6 Kg7
60. Re3 Kf6 61. Rf3+ Kg7 62. Ra3 Kf6 63. Re3 Kg7 64. Kc5 Kf6 65. g4 hxg4 66.
hxg4 g5 67. Kb6 Re7 68. Rf3+ Kg6 69. Kxa5 Re5+ 70. Kb6 Kg7 71. Bd7 Rd5 72. Kc6
Rd4 73. Ra3 Kf6 74. Ra5 Ke7 75. Re5+ Kf6 76. Rd5 Ra4 77. Kd6 Ra6+ 78. Bc6 Kg6
79. Rf5 1-0

[Event "FIDE World Cup 2019"]
[Site "Khanty-Mansiysk RUS"]
[Date "2019.09.14"]
[Round "4"]
[White "Rodshtein, Maxim"]
[Black "Wang, Hao"]
[Result "0-1"]
[WhiteElo "2684"]
[BlackElo "2726"]
[PlyCount "88"]
[EventDate "2019.09.10"]

1. d4 d5 2. c4 c6 3. Nf3 Nf6 4. e3 Bf5 5. Nc3 e6 6. Nh4 Bg6 7. Nxg6 hxg6 8. g3
Nbd7 9. Bd2 Bb4 10. Qb3 Ba5 11. cxd5 cxd5 12. Bd3 O-O 13. O-O Qb6 14. Qxb6 Nxb6
15. b3 Rac8 16. Rfc1 Nbd7 17. a3 e5 18. dxe5 Nxe5 19. Be2 d4 20. exd4 Nc6 21.
Be3 Rcd8 22. Na4 Nxd4 23. Bd1 Rfe8 24. b4 Bb6 25. Nxb6 axb6 26. Kg2 Rd7 27. Ra2
Red8 28. Raa1 Ne4 29. h4 Kh7 30. a4 f5 31. a5 b5 32. a6 bxa6 33. Rxa6 Nf6 34.
Bg5 Re8 35. Bxf6 gxf6 36. h5 Kg7 37. hxg6 Kxg6 38. Rc3 Red8 39. Rc5 Rh8 40. g4
Rdh7 41. Kg3 Rh1 42. Kf4 Rxd1 43. gxf5+ Kh5 44. Rxf6 Re8 0-1

[Event "FIDE World Cup 2019"]
[Site "Khanty-Mansiysk RUS"]
[Date "2019.09.14"]
[Round "4"]
[White "Gelfand, Boris"]
[Black "Matlakov, Maxim"]
[Result "1/2-1/2"]
[WhiteElo "2686"]
[BlackElo "2716"]
[PlyCount "73"]
[EventDate "2019.09.10"]

1. c4 e5 2. Nc3 Nf6 3. Nf3 Nc6 4. e4 Bb4 5. d3 d6 6. a3 Bc5 7. b4 Bb6 8. Na4
Bd4 9. Rb1 a6 10. Be2 O-O 11. O-O Ba7 12. Be3 Bg4 13. Nc3 Bxf3 14. Bxf3 Nd4 15.
g3 c6 16. Bg2 b5 17. Ne2 Ne6 18. Bxa7 Rxa7 19. d4 bxc4 20. Rc1 a5 21. Rxc4 axb4
22. axb4 Qb8 23. Qc2 d5 24. Rxc6 dxe4 25. Rc4 exd4 26. Nxd4 Nxd4 27. Rxd4 Qe5
28. Qc5 Qxc5 29. bxc5 Rc7 30. Rc1 Re8 31. c6 Kf8 32. Kf1 Re6 33. Rdc4 Ke7 34.
Ke2 h6 35. R1c2 Kd6 36. Rd2+ Ke7 37. Rdc2 1/2-1/2

[Event "FIDE World Cup 2019"]
[Site "Khanty-Mansiysk RUS"]
[Date "2019.09.14"]
[Round "4"]
[White "Tomashevsky, Evgeny"]
[Black "Aravindh, Chithambaram VR"]
[Result "1/2-1/2"]
[WhiteElo "2718"]
[BlackElo "2609"]
[PlyCount "115"]
[EventDate "2019.09.10"]

1. d4 d5 2. c4 Nc6 3. Nf3 Bg4 4. Nc3 e6 5. Bf4 Bd6 6. Bxd6 Qxd6 7. e3 Nf6 8.
cxd5 exd5 9. Be2 O-O 10. O-O Ne7 11. a3 Nf5 12. b4 c6 13. Ne5 Bxe2 14. Qxe2
Rae8 15. Rfc1 g6 16. Qf3 Kg7 17. Rab1 a6 18. a4 h5 19. h3 Re6 20. Qf4 Nd7 21.
Nxd7 Qxd7 22. b5 axb5 23. axb5 Ra8 24. bxc6 bxc6 25. Ra1 Rxa1 26. Rxa1 Qb7 27.
Rb1 Qa6 28. Qb8 Qd3 29. Na4 Qc2 30. Nc5 Re7 31. Qb2 Qxb2 32. Rxb2 Ra7 33. Nd3
Nd6 34. Rc2 Ra1+ 35. Kh2 h4 36. g4 hxg3+ 37. Kxg3 Nf5+ 38. Kh2 Rd1 39. Ne5 f6
40. Nxc6 g5 41. Nb4 Nh4 42. Nxd5 Nf3+ 43. Kg3 Nh4 44. Kh2 Nf3+ 45. Kg3 Nh4 46.
Rc7+ Kg6 47. f4 Rg1+ 48. Kf2 Rg2+ 49. Kf1 Rd2 50. Ne7+ Kh5 51. Rc8 gxf4 52.
exf4 Ng6 53. Rc5+ Kh6 54. Ke1 Rd3 55. Nf5+ Kh5 56. Ne7+ Kh6 57. Nf5+ Kh5 58.
Ne7+ 1/2-1/2

[Event "FIDE World Cup 2019"]
[Site "Khanty-Mansiysk RUS"]
[Date "2019.09.14"]
[Round "4"]
[White "Rakhmanov, Aleksandr"]
[Black "Vidit, Santosh Gujrathi"]
[Result "0-1"]
[WhiteElo "2606"]
[BlackElo "2718"]
[PlyCount "123"]
[EventDate "2019.09.10"]

1. c4 c5 2. Nf3 Nc6 3. Nc3 Nf6 4. g3 d5 5. d4 cxd4 6. Nxd4 dxc4 7. Nxc6 Qxd1+
8. Nxd1 bxc6 9. Bg2 Nd5 10. Ne3 e6 11. Nxc4 Ba6 12. Ne3 Rb8 13. b3 Be7 14. Bd2
O-O 15. Bf3 Rfd8 16. Ba5 Rdc8 17. Rd1 Bc5 18. Bd2 Kf8 19. O-O Ke7 20. Nc2 h6
21. Rc1 g5 22. Rfd1 f5 23. e4 fxe4 24. Bxe4 Rd8 25. Ba5 Rdc8 26. Nd4 Bxd4 27.
Rxd4 c5 28. Rd2 Rb5 29. Bc3 Nxc3 30. Rxc3 Rb4 31. Re3 Rd4 32. Rxd4 cxd4 33. Re1
Kd6 34. f3 e5 35. Kf2 Rc3 36. h4 Bd3 37. Bxd3 Rxd3 38. hxg5 hxg5 39. f4 exf4
40. gxf4 g4 41. Re4 Rf3+ 42. Ke2 d3+ 43. Kd2 g3 44. Ra4 Rf1 45. Ra6+ Kd5 46.
Rg6 Rf3 47. Ra6 Rxf4 48. Rg6 Rf3 49. a4 a5 50. Rg5+ Ke4 51. Rg4+ Kf5 52. Rg7
Kf4 53. Rg8 Ke4 54. Rg4+ Kf5 55. Rg7 Kf4 56. Rg8 Rf2+ 57. Kxd3 g2 58. Kc4 Rb2
59. Kb5 Rxb3+ 60. Kxa5 Rg3 61. Rf8+ Ke5 62. Re8+ 0-1

[Event "World Cup Knockout ((tie-break)) 2019"]
[Site "Khanty-Mansiysk RUS"]
[Date "2019.09.15"]
[Round "2"]
[White "Ding, Liren"]
[Black "Movsesian, Sergei"]
[Result "1-0"]
[WhiteElo "2811"]
[BlackElo "2654"]
[PlyCount "61"]
[EventDate "2019.09.10"]

1. c4 e5 2. g3 Nf6 3. Bg2 d5 4. cxd5 Nxd5 5. Nf3 Nc6 6. O-O Nb6 7. b3 Bd6 8.
Bb2 O-O 9. d3 Qe7 10. Nbd2 Ba3 11. Bxa3 Qxa3 12. Qc1 Qe7 13. Qb2 Bg4 14. Rac1
Rad8 15. Rfe1 Rfe8 16. a3 a5 17. b4 axb4 18. axb4 Nd4 19. Nxd4 exd4 20. Bxb7
Na4 21. Qc2 Nc3 22. Bf3 h5 23. Bxg4 hxg4 24. Nb3 c5 25. bxc5 Nxe2+ 26. Kf1 Qf6
27. Rxe2 Qf3 28. Rxe8+ Rxe8 29. Kg1 Re2 30. Qxe2 Qxe2 31. c6 1-0

[Event "World Cup Knockout ((tie-break)) 2019"]
[Site "Khanty-Mansiysk RUS"]
[Date "2019.09.15"]
[Round "2"]
[White "Najer, Evgeniy"]
[Black "Giri, Anish"]
[Result "1/2-1/2"]
[WhiteElo "2635"]
[BlackElo "2780"]
[PlyCount "74"]
[EventDate "2019.09.10"]

1. e4 e5 2. Nf3 Nc6 3. d4 exd4 4. Nxd4 Nf6 5. Nxc6 bxc6 6. Bd3 d5 7. exd5 cxd5
8. O-O Be7 9. c4 O-O 10. cxd5 Nxd5 11. Qf3 Be6 12. Rd1 Qd7 13. Nc3 c6 14. h3
Rab8 15. Nxd5 Bxd5 16. Be4 Rfd8 17. Bxd5 cxd5 18. b3 Bf6 19. Rb1 d4 20. Qd3 Rb5
21. Bd2 Bg5 22. Rbc1 h5 23. Rc4 Bxd2 24. Rxd2 Rd5 25. Re2 a5 26. Re1 g6 27. Re2
Kg7 28. Re1 Qd6 29. Re2 Rd7 30. Re4 Re7 31. Rxe7 Qxe7 32. g3 Qe5 33. h4 Rd7 34.
Kg2 Qd5+ 35. Qf3 Qe5 36. Qd3 Qd5+ 37. Qf3 Qe5 1/2-1/2

[Event "World Cup Knockout ((tie-break)) 2019"]
[Site "Khanty-Mansiysk RUS"]
[Date "2019.09.15"]
[Round "2"]
[White "Dominguez Perez, Leinier"]
[Black "Abasov, Nijat"]
[Result "1-0"]
[WhiteElo "2763"]
[BlackElo "2632"]
[PlyCount "59"]
[EventDate "2019.09.10"]

1. e4 c5 2. Nf3 Nc6 3. Bb5 Nf6 4. Bxc6 dxc6 5. d3 g6 6. h3 Nh5 7. Be3 b6 8. a4
a5 9. O-O Bg7 10. e5 f5 11. exf6 Nxf6 12. Qc1 Nd5 13. Bh6 O-O 14. Bxg7 Kxg7 15.
Nbd2 Nf4 16. Re1 Be6 17. b3 Bd5 18. Qb2+ Kg8 19. Re3 Qd7 20. c4 Be6 21. Rae1
Rae8 22. Ne5 Qc8 23. Ne4 Bf5 24. Ng5 h6 25. Ng4 Bxg4 26. Rxe7 Rxe7 27. Rxe7 Nh5
28. hxg4 Qxg4 29. Ne6 Rf6 30. Qe5 1-0

[Event "World Cup Knockout ((tie-break)) 2019"]
[Site "Khanty-Mansiysk RUS"]
[Date "2019.09.15"]
[Round "2"]
[White "Grischuk, Alexander"]
[Black "Bok, Benjamin"]
[Result "1/2-1/2"]
[WhiteElo "2759"]
[BlackElo "2640"]
[PlyCount "85"]
[EventDate "2019.09.10"]

1. d4 Nf6 2. c4 e6 3. Nc3 Bb4 4. e3 O-O 5. Bd2 d5 6. Nf3 b6 7. cxd5 exd5 8. Bd3
Bd6 9. O-O Bb7 10. Qb1 Nbd7 11. b4 a6 12. a4 c6 13. Rc1 Re8 14. e4 dxe4 15.
Nxe4 Bf8 16. a5 g6 17. Bg5 Be7 18. h4 c5 19. Bxf6 Nxf6 20. Neg5 cxb4 21. Nxf7
Kxf7 22. Ng5+ Kg8 23. Bxg6 Rf8 24. Bxh7+ Kh8 25. Bf5 Qd5 26. Bh3 Ne4 27. Nxe4
Qxe4 28. Qxe4 Bxe4 29. Re1 Rf4 30. g3 Rg8 31. axb6 Bf6 32. Be6 Rg7 33. Rxa6 Bb7
34. Ra5 Rxh4 35. Bd5 Bxd5 36. Rxd5 Rxd4 37. Rb5 Rdd7 38. Rxb4 Kg8 39. Kg2 Bc3
40. Re8+ Kf7 41. b7 Rxb7 42. Rxb7+ Kxe8 43. Rxg7 1/2-1/2

[Event "World Cup Knockout ((tie-break)) 2019"]
[Site "Khanty-Mansiysk RUS"]
[Date "2019.09.15"]
[Round "2"]
[White "Sjugirov, Sanan"]
[Black "Radjabov, Teimour"]
[Result "1/2-1/2"]
[WhiteElo "2662"]
[BlackElo "2758"]
[PlyCount "107"]
[EventDate "2019.09.10"]

1. d4 Nf6 2. c4 e6 3. Nf3 d5 4. g3 Be7 5. Bg2 O-O 6. O-O dxc4 7. Qa4 a6 8. Qxc4
b5 9. Qc2 Bb7 10. Bd2 Be4 11. Qc1 c6 12. a4 Nbd7 13. Nc3 Bg6 14. Nh4 Bh5 15. h3
Nd5 16. axb5 axb5 17. Nxd5 cxd5 18. Bf3 Bxf3 19. Nxf3 Qb6 20. Qc2 Nf6 21. Rfc1
Ne4 22. Bf4 h6 23. h4 Ra4 24. Rxa4 bxa4 25. Ra1 g5 26. hxg5 hxg5 27. Be3 Rb8
28. Rxa4 Qxb2 29. Qxb2 Rxb2 30. Ra7 Bf6 31. Kf1 Kg7 32. g4 Kg6 33. Ra8 Bg7 34.
Ra6 Rb4 35. Rc6 Ra4 36. Rb6 Nc3 37. Rb2 Bf6 38. Kg2 Nd1 39. Rb1 Nxe3+ 40. fxe3
Bg7 41. Rb6 Ra8 42. Rc6 Re8 43. Rc7 Bf6 44. Kf2 Bg7 45. Rb7 Rc8 46. Rb6 Rc7 47.
Ra6 Rb7 48. Rc6 Re7 49. Ra6 Rc7 50. Rb6 Bf6 51. Ra6 Kg7 52. Rb6 Ra7 53. Rc6 Rb7
54. Ra6 1/2-1/2

[Event "World Cup Knockout ((tie-break)) 2019"]
[Site "Khanty-Mansiysk RUS"]
[Date "2019.09.15"]
[Round "2"]
[White "Adhiban, Baskaran"]
[Black "Yu, Yangyi"]
[Result "0-1"]
[WhiteElo "2639"]
[BlackElo "2763"]
[PlyCount "108"]
[EventDate "2019.09.10"]

1. d4 Nf6 2. c4 e6 3. Nf3 d5 4. Nc3 Bb4 5. Bg5 h6 6. Bxf6 Qxf6 7. e3 O-O 8. Rc1
Nd7 9. cxd5 exd5 10. a3 Bxc3+ 11. Rxc3 c6 12. Bd3 Nb6 13. Ne5 Nd7 14. Nf3 Nb6
15. Ne5 Nd7 16. Nxd7 Bxd7 17. O-O Rfe8 18. Qb3 Rab8 19. Qa4 a6 20. Qa5 Bf5 21.
Bxf5 Qxf5 22. Qc7 Qc8 23. Qg3 Qd8 24. Rfc1 Qb6 25. R1c2 Qxd4 26. h3 Qe4 27. Rd2
Rbd8 28. Rb3 Rd7 29. Rd4 Qe5 30. Qf3 c5 31. Rf4 b5 32. Rf5 Qe6 33. Rc3 c4 34.
Rf4 Qg6 35. Rc1 Re5 36. Rg4 Qe6 37. Rd4 a5 38. Qd1 Re4 39. Qd2 Rxd4 40. Qxd4
Qf6 41. Rd1 Qxd4 42. Rxd4 Kf8 43. a4 bxa4 44. e4 Rb7 45. exd5 Rb4 46. Rd2 Ke7
47. Kf1 Kd6 48. Ke2 Rb5 49. Ke3 Rxd5 50. Rd4 Kc5 51. Rf4 f6 52. Ke2 Kb4 53. Rg4
g5 54. Rg3 Rd3 0-1

[Event "World Cup Knockout ((tie-break)) 2019"]
[Site "Khanty-Mansiysk RUS"]
[Date "2019.09.15"]
[Round "2"]
[White "Esipenko, Andrey"]
[Black "Svidler, Peter"]
[Result "0-1"]
[WhiteElo "2624"]
[BlackElo "2729"]
[PlyCount "64"]
[EventDate "2019.09.10"]

1. d4 d5 2. c4 c6 3. Nf3 Nf6 4. e3 a6 5. Nc3 b5 6. b3 Bg4 7. Be2 e6 8. Ne5 Bxe2
9. Qxe2 Bd6 10. O-O O-O 11. Bb2 bxc4 12. bxc4 Nbd7 13. f4 c5 14. cxd5 cxd4 15.
exd4 Nxd5 16. Ne4 N7f6 17. Nxd6 Qxd6 18. f5 Rab8 19. fxe6 Qxe6 20. Ba3 Rfc8 21.
Rae1 Rc3 22. Bc5 Re3 23. Qf2 Ne4 24. Qxf7+ Qxf7 25. Nxf7 Rxe1 26. Rxe1 Nxc5 27.
Ne5 Na4 28. Nc6 Rb6 29. Re8+ Kf7 30. Rc8 Nac3 31. Ne5+ Ke6 32. Re8+ Ne7 0-1